Análisis cualitativo de entrevistas /
Sábháilte in:
| Príomhchruthaitheoir: | |
|---|---|
| Rannpháirtithe: | , , |
| Formáid: | Téacs |
| Clibeanna: |
Cuir clib leis
Níl clibeanna ann, Bí ar an gcéad duine le clib a chur leis an taifead seo!
|
MARC
| LEADER | 00000 a a2200000 04500 | ||
|---|---|---|---|
| 001 | 10119 | ||
| 003 | |||
| 040 | |||
| 100 | |a Ballester, Lluis | ||
| 245 | |a Análisis cualitativo de entrevistas / |c Lluis Ballester | ||
| 700 | |a Orte, Carmen | ||
| 700 | |a Oliver, Joseph Lluis | ||
| 700 | |a Castro C, Gisela | ||
| 773 | |g número 18; páginas 140-148 | ||
| 999 | |c 22131 |d 22131 | ||
